Follow that line : American Class Quiz Stats

Quiz not verified by Sporcle

Challenge
Share
Tweet
Embed
Score 0/25 Timer 20:00
0 Plays Today
% Correct
I can say 'Go to the beach, Mr. Fox': 'Vamos a la playa, Señor Zorro'.
96.7%
It's easy to call two guys gay, just because they live together on a ranch and wear leather trousers.
93.3%
Do I sound like the talking clock ?
93.3%
At 23 I won the prize for the best Asian chef for my preparation of a mechoui.
93.3%
If it's our honour, you beat him up.
93.3%
You wake up at 35 to ask what it means, 'Sh*tty World' ? You're not indiscreet. You're just a jerk.
93.3%
Of course, why didn't I think of that ? I'll work with Peter and Steven.
90%
Let's discuss it. It's you that's always right.
86.7%
I'm happy you said nothing about the case because we've got nowhere and they'd take us for jerks.
86.7%
Sorry Pops, but I'm expressing my follicular freedom.
83.3%
It's theft and plagiarism and I don't like thieves and sons of b*tches.
80%
Yes, but before he was only small.
80%
Don't you know it's not right to be a racist ? It's wrong.
76.7%
% Correct
If you want to talk send me a ... fax !
76.7%
No problem. A cowboy at Chernobyl.
76.7%
Go f*ck yourself, trotskyite !
70%
Sex plus sh*gging equals murder !
70%
We, we thought it could be a sleigh.
50%
Since you don't want to help, go f*ck yourself.
46.7%
Although sometimes appearances can be deceptive.
43.3%
You're really not very nice. But the train of your insults runs on the rails of my indifference.
36.7%
We can eat some chips. D'you hear ? CHIPS ! Is that all you do when I say: Eat some chips ?!
33.3%
Thanks. Stop it, you're embarrassing me.
33.3%
I knew a republican once, with ten times more class.
26.7%
The good old days. If he was looking for trouble, he came to the right place.
20%

You're not logged in!

Compare scores with friends on all Sporcle quizzes.
Join for Free
OR
Log In

You Might Also Like...

Show Comments

Extras

Top Quizzes Today


Score Distribution

Your Account Isn't Verified!

In order to create a playlist on Sporcle, you need to verify the email address you used during registration. Go to your Sporcle Settings to finish the process.

Report this User

Report this user for behavior that violates our Community Guidelines.

Details: